Quizzes
Events
Quiz Creation
Community
Videos
Private Events
Remove Ads
Sign In
Join for FREE
Feedback
Dark Mode
Quiz Categories
Sports
Geography
Music
Movies
Television
Just For Fun
Miscellaneous
History
Literature
Language
Science
Gaming
Entertainment
Religion
Holiday
For Kids
Quiz Lab
Recent
Popular Today
Quiz Kudos Today
Editor Picks
Curator Picks
Quizzes by...
Day
Popularity
Type
Ratings
Length
Year
Community
Subscriptions
Recent Discussions
Orange Saloon
Badges
Playlists
Quests
Create
Leaderboards
Showdown
Live 5
Trivia Bingo
Activity
Puzzle Library
Sporcle Events
Private Events
Virtual Trivia
Globe League
Become a Host
Pub Owners
SporcleCon
Opinionation
Our Games
Videos
Blog
Mobile Apps
Partnerships
Remove Ads and Go Orange
Feedback
Sports
Athletes
MLB
NBA
NHL
NFL
Soccer
Sports Teams
WWE
NCAA
Football
Premier League
Basketball
Baseball
Hockey
Golf
Tennis
Cricket
Rugby
Auto Racing
Olympics
World Cup
Sports
Athletes
MLB
NBA
NHL
NFL
Soccer
Sports Teams
WWE
NCAA
Football
Premier League
Basketball
Baseball
Hockey
Golf
Tennis
Cricket
Rugby
Auto Racing
Olympics
World Cup
Random Quiz
Search Sporcle
×
Quiz Lab
Quiz Lab
Sports
NHL
Type in answers that appear in a list
Type in answers that appear in a list
Classic
Best Score? Go Orange.
Nhl all rookie teams 2002-2009 Stats
Can you name the nhl all rookie teams 2002-2009?
By
cheffrey
10m
36 Questions
318 Plays
318 Plays
318 Plays
Comments
Comments
Give Quiz Kudos
Give Quiz Kudos
-
- Ratings
hide this ad
Replay
Link that replays current quiz
Next Quiz
Link to next quiz in quiz playlist
You Got
0%
They Got
Avg Score
60%
Avg Friend Score
Upgrade to see
Score Distribution
Jump to the score distribution portion of the page
Score
0/36
Timer
10:00
0
Plays Today
year
player name
% Correct
2007-
08
Patrick Kane
96.9%
2007-
08
Johathan Toews
96.2%
2005-
06
Sidney Crosby
94.7%
2005-
06
Alex Ovechkin
93.4%
2006-
07
Evgeni Malkin
92.5%
2007-
08
Carey Price
87.1%
2008-
09
Steve Mason
84.9%
2008-
09
Drew Doughty
83.3%
2007-
08
Nicklas Backstrom
82.7%
2003-
02
Rick Nash
81.1%
2005-
06
Henrik Lundqvist
80.8%
2008-
09
Bobby Ryan
79.2%
2005-
06
Dion Phaneuf
75.2%
2006-
07
Jordan Staal
73.3%
2006-
07
Paul Stastny
68.9%
2008-
09
Luke Schenn
67.9%
2003-
04
Andrew Raycroft
67.6%
2003-
02
Henrik Zetterberg
67%
year
player name
% Correct
2003-
02
Jay Bouwmeester
61%
2008-
09
Kris Versteeg
53.8%
2007-
08
Tobias Enstrom
51.9%
2006-
07
Marc-Edouard Vlasic
51.6%
2003-
02
Barret Jackman
50.3%
2006-
07
Mike Smith
48.7%
2003-
04
John-Michael Liles
44.7%
2008-
09
Patrik Berglund
37.7%
2005-
06
Brad Boyes
35.2%
2003-
04
Michael Ryder
34.6%
2003-
04
Trent Hunter
33%
2003-
02
Sebastien Caron
32.4%
2007-
08
Tom Gilbert
32.1%
2006-
07
Matt Carle
31.4%
2003-
04
Ryan Malone
28.9%
2005-
06
Andrei Meszaros
27%
2003-
02
Tyler Arnason
21.1%
2003-
04
Joni Pitkanen
19.8%
Quiz Playlist
Details
Report
Send in Message
Add To Playlist
Classic:
Type in answers that appear in a list
Last Updated: Feb 16, 2017
Quiz Scoreboard
CHALLENGE
Sign Up to Join the Scoreboard
Show All
Scores
Hide
Comments
May contain spoilers
Recently Published
Popular People in 1961
by mucciniale
History
6m
1-10 Letter E Words III
by El_Dandy
Language
2m
One Thing in Common: World Cities II
by knightlancer
Geography
7m
More to Explore
Quiz From the Vault
Featured Blog Post
Where Did the Easter Bunny Come From?
hide this ad
You Might Also Like...
Tags
NHL Quiz
2000s
Player
rookie
team
Today's Top Quizzes in Sports
Browse Sports
hide this ad
Today's Top Quizzes in NHL
Browse NHL
Top Contributed Quizzes in Sports
1
2022 World Cup Stars
2
Les entraîneurs de l'OM et du PSG au 21e siècle
3
FIFA Club World Cup Champions
4
Criteria MLB: Left Handed Sluggers
5
Les meilleurs buteurs des matchs entre le PSG et l’OM
6
Name the Premier League winners with different clubs
7
Players with Multiple 50 Home Run Seasons
8
MLB Players with Two .350 Batting Average Seasons
9
La finale Lions - Afrique du Sud 2021
10
MLB Hall of Famer by Rings
Explore More
Trending Topics
Crossword
Disney
Anime
Kpop
Marvel
Harry Potter
NBA
The Office
WWE
Puzzle
Song
Soccer
Country
Pokémon
NFL
hide this ad
More By:
cheffrey
Quiz
Plays
Rating
Category
Featured
Created
NHL Top 100 Career Power Play Goals
17,255
4.66
Sports
Oct 23, 2010
nhl top 60 players since 1967
3,791
4.09
Sports
Mar 7, 2010
NHL powerplay goal leaders 2000-present
3,544
4.19
Sports
Jul 18, 2011
nhl top 200 scorers all time
2,761
4.30
Sports
Feb 1, 2010
NHL - 50 career playoff goals
2,002
4.67
Sports
Jan 6, 2013
Go to Creator's Profile
Score Distribution
Quiz Creator Spotlight
cheffrey
Follow
Send a Message
Quizzes Created
-
Created Quiz Play Count
-
More By This Creator
Popular Quizzes Today
1
Find the US States - No Outlines Minefield
2
The Countries of the World
3
Popular People in 1961
4
Find the Countries of Europe - No Outlines Minefield
5
1-10 Letter E Words III
6
Find the US States
7
One Thing in Common: World Cities II
8
US States
More Sports Quizzes
MLB: 4 Consecutive Home Runs
Curator's Pick
Trending Quizzes
Country Music Stars Doing Things
Get the Picture: Carrie or Dolly
1-10 Letter F Words
1-10 Letter G Words
Risky Map Clicking: Next State Alphabetically
Recently Updated
Leaping Animals
pecheneg
Reality TV Shows (A-Z)
bhenderson79
Rickey Henderson's Hall of Fame Teammates
pecheneg
Champions League XIs: Arsenal
pecheneg
Quick Pick: Celebrities in WWE's Hall of Fame
aduchscher
A-Z Keypad Blitz II
pecheneg
Multiple Oscar Actors
pecheneg
Mystery Phrase Blitz: Oscar 'Best Actors'
pecheneg
F. Scott Fitzgerald Novels
LTH
Pick 3 Villains
ddd62291
Trending Topics
Crossword
Harry Potter
Marvel
Disney
Kpop
Anime
NBA
Pokémon
Country
Song
WWE
The Office
Soccer
Puzzle
NFL
Your Account Isn't Verified!
In order to create a playlist on Sporcle, you need to verify the email address you used during registration. Go to your
Sporcle Settings
to finish the process.
Report this User
Report this user for behavior that violates our
Community Guidelines
.
Details:
Send Report
Go to the Sporcle.com Mobile Site →
Comments